Paraguay... or Uruguay? - Statistics

General Stats
  • This quiz has been taken 26,782 times
    26,740 since last reset
  • The average score is 11 of 16
Answer Stats
Question Answer % Correct
Is landlocked Paraguay
95%
Has Spanish as an official language Both
93%
Borders Brazil Both
92%
Has the larger land area of the two Paraguay
91%
Has won the FIFA World Cup Uruguay
90%
Is the wealthier of the two Uruguay
88%
Is a former Spanish colony Both
82%
Has a sun on its flag Uruguay
82%
Its capital is located about 200 kilometers from Buenos Aires Uruguay
81%
Was the first country to fully legalize marijuana Uruguay
64%
Has had periods of dictatorship but is now a democracy Both
63%
Owns part of the Itaipu Dam, the world's second-largest hydroelectric power plant Paraguay
58%
More than 90% of its population are mestizos (people of mixed European and Native heritage) Paraguay
53%
Its territory is located in the region known as "The Pampas" Uruguay
50%
In terms of exports, agriculture is the most important sector of the economy Both
46%
Has a maximum elevation of less than 1000 meters Both
17%
No matching quizzes found
Score Distribution
Percent of People with Each Score
Percentile by Number Answered
Your Score History
You have not taken this quiz since the last reset